| 000 | 01410nam a2200265 i 4500 | ||
|---|---|---|---|
| 001 | bg | ||
| 003 | KOSZ 005 | ||
| 005 | 20200630132824.0 | ||
| 008 | 071031s1967 pl a f 000 0 pol | ||
| 015 | _aPB 1967/2105 | ||
| 040 |
_aWA N _cKOSZ 005/RW _dKOSZ 005/RW |
||
| 080 | _a66:691:699 | ||
| 245 | 0 | 0 |
_aIzolacyjne materiały budowlane / _c[red. Andrzej Machalski] ; Ministerstwo Szkolnictwa Wyższego. Międzyuczelniany Zakład Podstawowych Problemów Architektury, Urbanistyki i Budownictwa. |
| 260 |
_aWarszawa : _bPaństwowe Wydawnictwo Naukowe, _c1967. |
||
| 300 |
_a112 s., [18] k. tabl. : _bil. ; _c24 cm. |
||
| 380 | _aKsiążki. | ||
| 490 | 1 |
_aMateriały i Studia / Ministerstwo Szkolnictwa Wyższego. Międzyuczelniany Zakład Podstawowych Problemów Architektury, Urbanistyki i Budownictwa. Seria 10: Zagadnień Chemii Budowlanej i Materiałów Budowlanych ; _vz. 11. |
|
| 650 | 4 |
_aIzolacje _xmateriały. |
|
| 650 | 4 | _aMateriały budowlane | |
| 700 | 1 |
_aMachalski, Andrzej _eRedakcja |
|
| 710 | 2 |
_aPaństwowe Wydawnictwo Naukowe _4pbl. |
|
| 830 | 0 |
_aMateriały i Studia - Międzyuczelniany Zakład Podstawowych Problemów Architektury, Urbanistyki i Budownictwa. _pSeria X Zagadnień Chemii Budowlanej i Materiałów Budowlanych _vz. 11. |
|
| 856 |
_uhttp://koha.tu.koszalin.pl/cgi-bin/koha/opac-detail.pl?biblionumber=11473 _yKatalog online BPK |
||
| 942 |
_2UKD _cKS |
||
| 999 |
_c11473 _d11473 |
||